000 00762nam2a2200217 4500
001 RU\NLR\BIBL_A\012339160
005 20250624020301.0
035 _a(NLR Aleph) 012339160
090 _a11512009
_c11512009
100 _a20200917d2020 |||y0rusy50 ca
101 0 _arus
102 _aRU
200 0 _a№ 20
210 _d2020
_aБ. м.
215 _eнабор № 20
461 0 _1001RU\NLR\BIBL_A\012113137
_12001#$aУдивительное тело человека$eсобери и исследуй$v№ 20
_911951574
_cМосква
_d2019 -
_nКР Медиа
_oсобери и исследуй
_tУдивительное тело человека
_x2531-3568
_v№ 20
852 _aNLR
_jП29/2149
942 _cISSUE
980 _aNB
980 _aRUSPER